1505 1406 1346 1521 1592 1601 1707 1467 1694 1059 1816 1757 1883 1651 1874 1696 1464 1290 1741 1227 1650 1908 1983 1968 1818 1848 1528 1821 1148 1969 1302 1401 1766 1578 1502 1840 1633 1508 1122 1291 1501 1575 1744 1440 1867 1916 1073 1936 1007 1346 1317 1660 1935 1565 1642 1998 1996 1172 1968 1633 1021 1002 1865 1934 1450 1380 1465 1718 1208 1456 1138 1994 1026 1874 1778 1827 1054 1893 1767 1791 1105 1985 1211 1970 1984 1270 1880 1256 1428 1900 1636 1004 1555 1609 1724 1539 1570 1398 1224 BCNSPRNW ULIB Ver.6.0+V

เปลี่ยนเป็นภาษาไทย

Change to English
 แสดงรายละเอียดบรรณานุกรม
  กลับหน้าหลัก

Brief Record : Get Marc (ISO 2709) : E-mail record : QR code < ปิดหน้าต่าง
LEADER : 00000nam 2200000uu 4500
001    13399128204
003     ULIB
008    220815s2022||||th 000 0 tha d
020    ^a9780323697118
060 04 ^aWY105^bL434
245 00 ^aLeadership and nursing care management /^cedited by DianeHuber, Lindell M. Joseph
250    ^a7th ed.
260    ^aSt. Louis, Missouri :^bElsevier,^c2022
300    ^axxiii, 564 pages :^billustrations ;^c24 cm
504    ^aIncludes bibliographical references and index
650  0 ^aLeadership
650  0 ^aNurse administrators
650  0 ^aNursing services^xAdministration
650  2 ^aNursing, Supervisory
700 1  ^aHuber, Diane,^eed
700 1  ^aJoseph, Lindell M.,^eed
945    ^p0^l0^i009308
999    ^aประนอม เกษจรัล
รายการนี้ยังไม่มีแท็ก
คุณยังไม่ได้ล็อกอิน คุณสามารถมีกิจกรรมร่วมกับเว็บไซต์ได้ แต่ต้องล็อกอินก่อน ::
  ล็อกอิน

รายการสื่อสารสนเทศ

ลำดับที่ ประเภท เลขเรียก/บาร์โค้ด สถานที่ สถานะ
1. Book การพยาบาล
หนังสือสำรอง
สถานะ=หนังสือสำรอง
WY105 L434 ฉ.1 
  Barcode: 009308
ห้องสมุดวิทยาเขตสวรรค์ประชารักษ์
►หนังสือทั่วไป
บนชั้น

รายการใกล้เคียง
    หัวเรื่อง [Leadership]
    หัวเรื่อง [Nurse administrators]
    หัวเรื่อง [Nursing, Supervisory]

BibComment


ยังไม่เคยถูกคอมเมนท์

คอมเมนท์ทรัพยากรรายการนี้
  คอมเมนท์: Leadership and n..


 Copyright 2026. Bcnsprnw @Library